Human resource mangment (Record no. 78005)

MARC details
000 -LEADER
fixed length control field 00316pam a2200145 a 4500
020 ## - INTERNATIONAL STANDARD BOOK NUMBER
Terms of availability
041 ## - LANGUAGE CODE
Language code of text/sound track or separate title eng
082 ## - DEWEY DECIMAL CLASSIFICATION NUMBER
Item number LAL
100 ## - MAIN ENTRY--PERSONAL NAME
Personal name Lal kishon .
245 ## - TITLE STATEMENT
Title Human resource mangment
Medium Textual Documents
250 ## - EDITION STATEMENT
Edition statement 2009.
260 ## - PUBLICATION, DISTRIBUTION, ETC.
Place of publication, distribution, etc. dehli :
Name of publisher, distributor, etc. Avinash paperbacks .
300 ## - PHYSICAL DESCRIPTION
Extent 308 pg .
930 ## - EQUIVALENCE OR CROSS-REFERENCE-UNIFORM TITLE HEADING [LOCAL, CANADA]
Uniform title 1080
Holdings
Withdrawn status Lost status Damaged status Not for loan Collection Home library Current library Date acquired Source of acquisition Cost, normal purchase price Total Checkouts Full call number Barcode Date last seen Copy number Price effective from Koha item type
          Yashwantrao Mohite College of Arts, Science And Commerce, Pune Yashwantrao Mohite College of Arts, Science And Commerce, Pune 16/02/2021 Bharati Sahakari Madhyavarti Grahak Bhandar 150.00   LAL YMP-150384 24/02/2023 1 24/02/2023 Book